000 00706nam a2200217 a 4500
005 20191224041825.0
008 160222b2007 ck a gr|||| 00| 0 spa d
040 _aCO-BoIAVH
_cCO-BoIAVH
041 _aspa
082 0 4 _a354.5
_bC82s
110 2 _bCorporación Autónoma Regional de Risaralda
245 1 _aSistemas agrícolas de producción sostenible
_bproducir conservando suelo y agua
260 _aPereira
_bCARDER
_c2007
300 _a73 paginas.
_bilustraciones. ;
_c23 x 16 cm
650 4 _aProducción agricola
650 4 _aSistemas agricolas
650 4 _aFrijol arbustivo
650 4 _aCultivo de habichuela
942 _cLIBRO
_2ddc
945 _d2008-01-15
999 _c6084
_d6084